000 00455nam a2200157Ia 4500
003 GCL
008 140319s9999 xx 000 0 ara d
040 _aGCL /
_cGCL
082 0 4 _a920.71
_bم خ
100 1 _aمحمد فتحى صبرى
245 1 0 _aالخليفة العادل عمربن عبدالعزيز /
_cمحمد فتحى صبرى
300 _a150 ص
490 _a100 قصة
_v0
650 0 4 _aعمر بن عبد العزيز
942 _2ddc
_cBK
999 _c45615
_d45615